Word Ladder: Secret Garden Quiz Stats

 Plays Quiz Updated Jul 15, 2017

Support Sporcle.
Go Orange.
Score 0/46 Timer 05:00
1 Play Today
Hint 4-Letter Word % Correct
LADDER 1: Animal like a frog, but drier***TOAD***
97.1%
Usain, sprinterBOLT
95.4%
Not sweetSOUR
94.9%
Courageous (like a strong font?)BOLD
94.2%
InformedTOLD
93.8%
Sad colour?***BLUE***
93.8%
Sticky pasteGLUE
93.3%
Make a liquid flow (from a teapot, maybe)POUR
92.9%
Opposite of fastSLOW
92.9%
Speak indistinctly (when drunk, perhaps)SLUR
91%
Wintry precipitation***SNOW***
90.3%
Without hills (like a pancake?)FLAT
90.2%
Look sulkyPOUT
88.2%
Fight in boxing OR a period of illnessBOUT
88%
To make or become unclearBLUR
87.9%
Give off lightGLOW
87.1%
Item of clothing worn around waistBELT
87.1%
Sad, despondent, moroseGLUM
85.9%
Increase, expandGROW
85.4%
Winnie, a bearPOOH
85.3%
Be afraid ofFEAR
84.9%
Round object used in gamesBALL
82.8%
Great achievementFEAT
82.3%
Hint 4-Letter Word % Correct
Metric unit (US spelling), about 0.035 ouncesGRAM
82.2%
Ringer***BELL***
81.9%
Part for an actorROLE
81.8%
Flamboyant type of rock musicGLAM
81.5%
Sit as an artist's modelPOSE
79.5%
Animal skin or furPELT
78.8%
Betty White's character in 'The Golden Girls'***ROSE***
78.3%
Dance for teenagersPROM
77.3%
Of high quality, upper-classPOSH
77.2%
Deck on ship (that needs frequent cleaning?)POOP
74.5%
Turn round on an axis, rotateROLL
74.2%
Front of a shipPROW
73.8%
SurveyPOLL
73.6%
Expensive, darlingDEAR
73.3%
Prudish, proper***PRIM***
73.1%
Cover for a coffinPALL
72.6%
Forbidding, sternGRIM
72.4%
Decomposed plant matter used as fuelPEAT
70.4%
SupportPROP
70%
Fall vertically***DROP***
69.4%
Trade in: agreementDEAL
67.6%
Ringing of bellsPEAL
65.6%
LADDER 2: Linseed plant***FLAX***
57.9%

Today's Daily Dose

Missing Word
'Y-Z' Pairs

Quick Pick
MCU Directors

You're not logged in!

Compare scores with friends on all Sporcle quizzes.
OR
Log In
Forgot?

From the Vault

Trivia Triangles: Movie Geography

by bhenderson79

We like geography trivia so much, we're letting it creep into every other category.
Remove Ads.
Support Sporcle.
Get the best of Sporcle when you Go Orange. This ad-free experience offers more features, more stats, and more fun while also helping to support Sporcle. Thank you for becoming a member.

Show Comments

Extras

Top Quizzes Today


Score Distribution

Your Account Isn't Verified!

In order to create a playlist on Sporcle, you need to verify the email address you used during registration. Go to your Sporcle Settings to finish the process.

Report this User

Report this user for behavior that violates our Community Guidelines.

Details: